Дама из сугроба

Podrobná bibliografie
Hlavní autor: Вильмонт Е. Н. Екатерина Николаевна
Shrnutí:Разве можно поверить, что случайно услышанный обрывок телефонного разговора в парижском кафе, может стать поворотным пунктом в судьбе Тимура и еще больше запутает его и без того непростую и очень неоднозначную жизнь? Но в результате вынудит его многое пересмотреть и вернуться к истокам…
Jazyk:ruština
Vydáno: Москва, АСТ, 2018
Edice:Бестселлеры Екатерины Вильмонт
Témata:
Médium: MixedMaterials Kniha
KOHA link:https://koha.lib.tpu.ru/cgi-bin/koha/opac-detail.pl?biblionumber=342654

MARC

LEADER 00000nam0a2200000 4500
001 342654
005 20231102005457.0
010 |a 9785171076443 
035 |a (RuTPU)RU\TPU\book\371833 
090 |a 342654 
100 |a 20190321d2018 m y0rusy50 ca 
101 0 |a rus 
102 |a RU 
105 |a y z 000ay 
200 1 |a Дама из сугроба  |f Е. Н. Вильмонт 
210 |a Москва  |c АСТ  |d 2018 
215 |a 320 с. 
225 1 |a Бестселлеры Екатерины Вильмонт 
330 |a Разве можно поверить, что случайно услышанный обрывок телефонного разговора в парижском кафе, может стать поворотным пунктом в судьбе Тимура и еще больше запутает его и без того непростую и очень неоднозначную жизнь? Но в результате вынудит его многое пересмотреть и вернуться к истокам… 
606 1 |a Русская литература современная  |2 stltpush  |3 (RuTPU)RU\TPU\subj\26373  |9 50316 
610 1 |a женская проза 
610 1 |a детективы 
610 1 |a романы 
675 |a Р2  |v 4 
700 1 |a Вильмонт  |b Е. Н.  |g Екатерина Николаевна 
801 1 |a RU  |b 63413507  |c 20190321 
801 2 |a RU  |b 63413507  |c 20191010  |g RCR 
942 |c BK 
959 |a 3/20190321  |d 1  |e 378,00  |f ХФ:1